[Event "Moscow"]
[Site "Moscow"]
[Date "1981.04.??"]
[Round "11"]
[White "Timman, Jan H"]
[Black "Portisch, Lajos"]
[Result "1-0"]
[WhiteElo "2620"]
[BlackElo "2650"]
[Annotator "Belov,I"]
[PlyCount "129"]
[EventDate "1981.04.08"]
[EventType "tourn"]
[EventRounds "13"]
[EventCountry "URS"]
[EventCategory "15"]
[SourceTitle "MCL"]
[Source "ChessBase"]
[SourceDate "1999.07.01"]
[SourceVersion "1"]
[SourceVersionDate "1999.07.01"]
[SourceQuality "1"]

1. e4 e5 2. Nf3 Nf6 3. Nxe5 d6 4. Nf3 Nxe4 5. d4 d5 6. Bd3 Be7 7. O-O Nc6 8.
Re1 (8. c4 $142 Nf6 (8... Nb4 9. Be2 dxc4 10. Bxc4 O-O 11. Nc3 Nd6 12. Bb3 Kh8
13. a3 Nc6 14. h3 $14 {Zagrebelny,S-Rodriguez,Am/Luzern/1993/1:0 (41) Inf 59/
339/}) 9. Bg5 (9. cxd5 $5) (9. Nc3 $5) 9... O-O 10. cxd5 Nxd5 11. Bxe7 Ncxe7
12. Nc3 h6 13. Qb3 Rb8 14. Rfe1 Be6 $10 {Kamsky,G-Yusupov,A/Tilburg/1993/Inf
59/(339)/}) 8... Bf5 $5 9. Bb5 (9. c4 $142 Nb4 (9... O-O 10. Nc3 Nxc3 11. bxc3
Bxd3 12. Qxd3 dxc4 13. Qxc4 Bd6 (13... Bf6 $5) 14. Rb1 Re8 15. Be3 Qf6 16. Qa4
$1 $14 {Timman,J-Van der Sterren,P/NED(ch)/1983/1:0 (62) Inf 35/399/}) 10. Bf1
O-O 11. a3 Nc6 12. cxd5 Qxd5 13. Nc3 Nxc3 14. bxc3 Bf6 15. Bf4 Rac8 16. Re3 $5
Na5 17. Ne5 c5 18. g4 $1 $14 {Tal,M-Garcia Gonzalez/Jurmala/1983/1:0 (29) Inf
35/402/}) 9... O-O (9... Bf6 $1 10. Nbd2 O-O 11. Nf1 Ne7 12. c3 Ng6 13. Bd3 Nd6
14. Bxf5 Nxf5 $10 {Karpov,An-Korchnoi,V/Merano(m/4)/1981/1:0 (53) Inf 32/404/})
10. Bxc6 bxc6 11. Ne5 Bh4 (11... Bd7 $14) (11... Qd6 12. f3 Nf6 13. Bf4 $16)
12. Be3 (12. g3 f6 13. Nd3 Bg5 $13) 12... Qd6 $6 (12... f6 13. Nf3 (13. Nxc6
Qd6 14. Na5 Rae8 $44) 13... Bg5 $13) 13. Qh5 Qf6 $8 14. Nf3 g5 15. Nbd2 Bg6 16.
Qh6 Nd6 {/\ Nf5/} (16... Nxd2 17. Bxd2 $16) 17. Bxg5 Bxg5 18. Qxg5 Qxg5 19.
Nxg5 $16 Rab8 (19... Bxc2 20. Rac1 Ba4 21. b3 Bb5 22. a4 $18) 20. b3 Nb5 21. c3
$1 (21. Ngf3 Na3 $13) 21... Nxc3 22. Ngf3 Rfe8 23. Ne5 Re6 24. Re3 Nb5 25. Nd7
$1 Rd8 (25... Rbe8 $2 26. Nf6+ $18) 26. Nc5 Ree8 (26... Rxe3 27. fxe3 $16) 27.
Nf3 f6 28. Rae1 Kf7 {/\ Bh5/} 29. g4 $6 (29. h3 $142 Bh5 30. g4 $16) 29... Be4
$5 (29... Nd6 $5) 30. Nxe4 dxe4 31. Rxe4 Rxe4 32. Rxe4 Nc3 33. Re1 Nxa2 34. Ra1
Nc3 35. Rxa7 Nb5 36. Ra4 $14 Ke6 37. Rc4 Kd6 38. Nh4 Rg8 39. Nf5+ Kd7 40. f3 h5
41. h3 hxg4 42. fxg4 Nd6 $1 43. Nxd6 $8 (43. Rc5 Rb8) 43... cxd6 44. Kh2 $1 (
44. Kf2 f5 45. gxf5 Rf8) 44... f5 $6 (44... Re8 $142 45. Rc3 (45. h4 Re2+)
45... Re4 46. Rd3 Ke6 $14) 45. gxf5 Rf8 46. d5 $1 cxd5 47. Rf4 Ke7 48. f6+ (48.
Kg3 Kf6 49. Kf3 Ke5 50. h4 Rb8 51. b4 d4) 48... Kf7 49. Kg3 Rb8 50. b4 d4 $1
51. Rxd4 Kxf6 52. h4 (52. Rxd6+ Ke5 53. Rg6 Rxb4 $10) 52... Ke5 53. Rg4 d5 54.
h5 d4 55. h6 Kd5 $1 (55... d3 $2 56. Kf2 $1 $18) 56. h7 Rh8 57. Rg7 Kc4 58. Rb7
$8 (58. Rd7 d3 59. Kf2 Kxb4 60. Ke3 Kc4 61. Rc7+ Kd5 $10) 58... d3 $2 (58...
Rf8 $142 $1 59. Rd7 d3 60. b5 Kc3 61. Kg4 d2 62. Kg5 Kc2 63. Kg6 Rb8 $1 64. Kg7
Rb7 $1 65. Rxb7 d1=Q 66. h8=Q Qd4+ $10 {Cvetkovic/}) 59. Kf2 $18 Re8 60. Rd7
Kc3 61. Re7 Rd8 62. Ke1 Kxb4 63. Rc7 $1 Kb5 64. Kd2 Kb6 65. Rg7 (65. Rg7 Rh8
66. Kxd3 Kc6 67. Ke4 Kd6 68. Kf5 $18) 1-0

[Event "Linares 17th"]
[Site "Linares"]
[Date "2000.02.28"]
[Round "1"]
[White "Kasparov, Garry"]
[Black "Shirov, Alexei"]
[Result "1-0"]
[WhiteElo "2851"]
[BlackElo "2751"]
[Annotator "Blatny,P"]
[PlyCount "103"]
[EventDate "2000.02.28"]
[EventType "tourn"]
[EventRounds "10"]
[EventCountry "ESP"]
[EventCategory "21"]
[SourceTitle "CBM 076"]
[Source "ChessBase"]
[SourceDate "2000.05.31"]
[SourceVersion "1"]
[SourceVersionDate "2000.05.31"]
[SourceQuality "1"]

1. e4 e5 2. Nf3 Nf6 3. Nxe5 d6 4. Nf3 Nxe4 5. d4 d5 6. Bd3 Bd6 7. O-O O-O 8. c4
c6 9. cxd5 cxd5 10. Nc3 Nxc3 11. bxc3 Bg4 12. Rb1 Nd7 (12... b6 13. Rb5 $1 Nc6
$2 14. Rxd5 Bxh2+ 15. Nxh2 $1 $18) 13. h3 Bh5 14. Rb5 (14. Rxb7 Nb6 $19) 14...
Nb6 15. c4 $1 Bxf3 (15... dxc4 16. Rxh5 cxd3 17. Ng5 g6 (17... h6 18. Qxd3 $18)
18. Rxh7 Be7 19. Qg4 {/\Nf7} Bxg5 20. Bxg5 f6 21. Rh6 Qe8 22. Bxf6 Rxf6 23. Qh4
$18) (15... Nxc4 16. Rxd5 Bh2+ (16... Bxf3 17. Qxf3 Nb6 18. Rg5 {[%csl Gb7]
[%cal Gf3b7]} h6 19. Qf5 g6 20. Rxg6+ $18) 17. Nxh2 $1 $16) 16. Qxf3 dxc4 17.
Bc2 Qd7 (17... Rb8 18. a4 a6 19. Bg5 Qc7 $6 20. Bxh7+ Kxh7 21. Qh5+ Kg8 22. Bf6
$3 Bh2+ 23. Kh1 Qd6 24. Bxg7 Kxg7 25. Rg5+ Kf6 26. Re1 Qe6 27. Rxe6+ fxe6 28.
Rg6+ Ke7 29. Rg7+ {1-0 Kudrin-Machado/Thessaloniki ol 1988/}) 18. a4 g6 19. Bd2
$5 c3 $1 20. Bxc3 Rac8 21. Be4 (21. Bb3 Qc6 22. Rc1 a6 23. d5 Bh2+ 24. Kh1 Qd6
25. Rb4 Be5 26. Re4 Rxc3 27. Rxc3 Bxc3 28. Qxc3 Rc8 29. Qd2 $14 {1-0 Sokolov,
A-Hernandez,Y/Linares Anibal op 1999/CBM 68 ext (40)}) 21... Rc4 (21... f5 $6
22. Bc2 Rfe8 23. Bb3+ Kg7 24. Rd1 $14) 22. Rbb1 (22. Rfb1 Rfc8 23. R5b3 Nxa4
24. Bd2 Rxd4 25. Be3 Rxe4 26. Qxe4 Nc3 27. Rxc3 {1/2-1/2 Topalov,V-Akopian,V/
Torneo Magistral 6th 1997/CBM 59}) (22. Rb3 Rb8 23. a5 $14) 22... Rxa4 (22...
Rfc8 23. Ba1 Rxa4 24. Bxb7 Rc7 25. Be4 Ra3 $132) 23. Bxb7 Ra3 24. Rfc1 Qc7 25.
Ra1 Rb8 26. Be4 Rb3 27. Bd2 (27. Rab1 Na4 28. Rxb3 Rxb3 $11) 27... Bh2+ 28. Kh1
Rxf3 29. Rxc7 Rxf2 $11 (29... Bxc7 30. Bxf3 Nc4 31. Bg5 Bb6 {קd4}) 30. Kxh2
Rxd2 31. Raxa7 Nc8 $4 $18 {[%mdl 8192]} (31... Rxd4 $142 32. Rxf7 Rxe4 33. Rg7+
Kf8 (33... Kh8 34. Rxh7+ Kg8 35. Rag7+ Kf8 $11) 34. Rxh7 Kg8 $11) 32. Rab7 $1
Rxb7 (32... Ra8 33. Rxf7 $18) 33. Rxc8+ Kg7 34. Bxb7 Rxd4 35. g4 $18 h5 36. g5
h4 37. Rc7 Rf4 38. Bc8 Rf2+ 39. Kg1 Rf4 40. Kg2 Kf8 41. Bg4 Kg7 (41... f6 $5)
42. Rc5 Kf8 43. Bf3 Kg7 44. Kf2 Ra4 45. Ke3 Ra3+ 46. Kf4 Ra4+ 47. Ke5 Ra3 48.
Bd5 Re3+ (48... Rxh3 49. Rc7 Re3+ 50. Kf4 Re2 51. Rxf7+ Kh8 52. Bf3 Rb2 53. Kg4
Rb4+ 54. Kh3 {/\Bg4,Kh4}) 49. Kf4 Rd3 50. Bc4 Rd7 51. Rc6 Re7 52. Rf6 (52. Rf6
Rc7 53. Bd5 Rd7 54. Ke5 Ra7 55. Rxf7+ Rxf7 56. Bxf7 Kxf7 57. Kd6 Kf8 58. Ke6
Kg7 59. Ke7 $18 {[%csl Gg6]}) 1-0

[Event "Serbian-ch 29th"]
[Site "Sabac"]
[Date "1998.04.20"]
[Round "1"]
[White "Cabrilo, Goran"]
[Black "Marciano, David"]
[Result "0-1"]
[WhiteElo "2490"]
[BlackElo "2485"]
[Annotator "Blatny,P"]
[PlyCount "54"]
[EventDate "1998.04.20"]
[EventType "tourn"]
[EventRounds "13"]
[EventCountry "YUG"]
[EventCategory "9"]
[SourceTitle "CBM 065"]
[Source "ChessBase"]
[SourceDate "1998.08.06"]
[SourceVersion "1"]
[SourceVersionDate "1998.08.06"]
[SourceQuality "1"]

1. e4 e5 2. Nf3 Nf6 3. Nxe5 d6 4. Nc4 Nxe4 5. Qe2 Qe7 6. Ne3 Be6 7. g3 Nc6 8.
Bg2 d5 9. O-O O-O-O 10. c3 f5 {[%csl Rd5,Ye4,Rf5][%cal Re7e4,Gg2e4,Gd2d3,Gd3e4,
Ge2e4]} (10... h5 11. d4 Qd7 12. Re1 Nf6 13. Nd2 h4 14. Nf3 hxg3 15. fxg3 Bh3
16. Bh1 Rh5 17. Ng2 Re8 18. Qd1 Rxe1+ 19. Qxe1 Bd6 20. Nf4 {Arribas,M-Wilkie,B/
WchJW U20 1988/EXT 88ch/1-0 (45)}) (10... h5 $5 $11) 11. d3 Nf6 12. Nc2 {
[%csl Yd8,Ye6,Ye7][%cal Ge2e7,Gf1e1,Ge1e2,Gc1g5,Gg5d8]} Qd7 13. Bg5 (13. Be3
Bf7 $11) 13... Bd6 (13... Re8 14. Re1 $11) 14. Nba3 h6 15. Bxf6 gxf6 16. Nb5 (
16. f4 {/\d4,b4:h5-h4}) 16... f4 $1 {^^} 17. Rae1 Bf7 (17... Rhe8 18. d4 $11)
18. Nxd6+ Qxd6 19. Qg4+ Kb8 20. Qxf4 Qxf4 21. gxf4 Rhg8 $44 22. f5 (22. d4 $142
$5) (22. Kh1 Bg6) 22... d4 $1 23. Nxd4 (23. c4 Ne5) 23... Nxd4 24. cxd4 Rxd4
25. Kh1 $15 (25. Re3 Bxa2 26. Rfe1 c6 $17) 25... Bxa2 (25... Rxd3 26. a3 $15)
26. Re7 $17 (26. Be4 $142 $5 $17) 26... Rxd3 27. Rh7 Bd5 {_|_ << 3P : 1P} (
27... Bd5 28. Bxd5 Rxd5 29. Rxh6 Rxf5 $19) (27... Rd2 $5 28. Rxh6 Rxb2 29. Rxf6
) 0-1

[Event "Karditsa"]
[Site "Karditsa"]
[Date "1994.??.??"]
[Round "10"]
[White "Kotronias, Vasilios"]
[Black "Kalesis, Nikolaos"]
[Result "1-0"]
[WhiteElo "2545"]
[BlackElo "2415"]
[Annotator "Blatny,P"]
[PlyCount "61"]
[EventDate "1994.03.??"]
[EventType "tourn"]
[EventRounds "11"]
[EventCountry "GRE"]
[EventCategory "10"]
[SourceTitle "CBM 043"]
[Source "ChessBase"]
[SourceDate "1994.12.01"]
[SourceVersion "1"]
[SourceVersionDate "1994.12.01"]
[SourceQuality "1"]

1. e4 e5 2. Nf3 Nf6 3. Nxe5 d6 4. Nf3 Nxe4 5. d4 d5 6. Bd3 Bd6 7. O-O O-O 8. c4
Be6 9. Nc3 Nxc3 10. bxc3 dxc4 11. Be4 Bc8 (11... c6 12. Ng5 h6 13. Nxe6 fxe6
14. Qe2 $1 b5 15. a4 $16) 12. Bg5 f6 13. Bd2 c6 14. Qe2 $44 {@,<->e,><c4} b5
15. Rfe1 a6 16. a4 Ra7 (16... Bb7 17. Nh4 $1 Qc7 18. Ng6 $3 Bxh2+ (18... Rf7
19. Qh5 bxa4 $140 20. Ne7+ $3 Rxe7 21. Bxh7+ Kf8 22. Bg6 Rxe1+ 23. Rxe1 Bxh2+
24. Kh1 Be5 25. Rxe5 $1 fxe5 26. Bg5 $18) 19. Kh1 hxg6 20. Bxg6 Bf4 21. Bxf4
Qxf4 22. Qe6+ Kh8 23. Re3 $18) 17. axb5 cxb5 18. Nh4 Bxh2+ $5 (18... f5 $2 19.
Bd5+ Kh8 20. Qh5 $18) 19. Kxh2 f5 20. Nxf5 Bxf5 21. Bf3 Nc6 $6 (21... Qd6+ 22.
Qe5 $16 {^^ _|_} (22. Kg1 Nd7 {/\Nf6})) (21... Nd7 $142 {/\Nf6+/=}) 22. Kg1 $1
Re7 23. Qd1 Rxe1+ 24. Qxe1 Re8 25. Qd1 Qb6 26. Bd5+ Kh8 27. Qf3 Bd7 $2 (27...
Ne7 $142 28. Re1 Qg6 29. Re5 $5 h6 30. Qe3 Qf6 $8 31. Bb7 $14 {_|_}) 28. Re1 $1
Rc8 (28... Rxe1+ $2 29. Bxe1 $18 {><f8,c6}) 29. Qf7 $18 Qd8 (29... Nb8 $8 30.
Re7 Qg6 (30... Qf6 $2 31. Qxf6 gxf6 32. Bh6 $18) 31. Bf4 $1 (31. Qxg6 hxg6 32.
Re4 g5 $8 33. Bxg5 Kh7 $8 34. Bf7 $1 Rc6 35. d5 $18) 31... Qxf7 32. Rxf7 Bc6
33. Be6 Re8 34. d5 {/\Be5+-}) 30. Bh6 $3 gxh6 (30... Qf8 31. Qxd7 $18) 31. Re8+
$1 1-0

[Event "Mitropa Cup 19th"]
[Site "Baden"]
[Date "1999.04.04"]
[Round "4"]
[White "Sax, Gyula"]
[Black "Pavasovic, Dusko"]
[Result "1-0"]
[WhiteElo "2524"]
[BlackElo "2502"]
[Annotator "Blatny,P"]
[PlyCount "47"]
[EventDate "1999.04.01"]
[EventType "team-tourn"]
[EventRounds "9"]
[EventCountry "SUI"]
[SourceTitle "CBM 071"]
[Source "ChessBase"]
[SourceDate "1999.08.01"]
[SourceVersion "1"]
[SourceVersionDate "1999.08.01"]
[SourceQuality "1"]

{[%mdl 8192]} 1. e4 e5 2. Nf3 Nf6 3. Nxe5 d6 4. Nf3 Nxe4 5. d4 d5 6. Bd3 Nc6 7.
O-O Be7 8. c4 Nb4 9. Be2 dxc4 (9... O-O 10. Nc3 Bf5 11. a3 Nxc3 12. bxc3 Nc6
13. Re1 dxc4 (13... Bf6 14. Bf4 Rc8 15. Qa4 a6 16. Qb3 Na5 17. Qb4 c5 18. dxc5
Nc6 19. Qb3 Na5 $11 {1/2 Ljubojevic,L-Yusupov,A, Belgrade 1989}) 14. Bxc4 Bd6
15. Bg5 Qd7 {+/=/= Ljubojevic,L-Yusupov,A, Barcelona 1989}) 10. Bxc4 O-O (10...
Nd5 11. Re1 Nef6 12. Nc3 c6 (12... Nxc3 13. bxc3 O-O 14. Qb3 c6 15. Rxe7 Qxe7
16. Ba3 $36 {1-0 Fiol,F-Catteau,Y/Cannes 1996/EXT 98 (24)}) 13. Bg5 O-O 14. Ne5
Be6 15. Qf3) (10... Nf6 11. Nc3 c6 12. Bg5 O-O 13. Bxf6 Bxf6 14. Qb3 a5 15. a3
Na6 16. Ne4 $11 {1/2-1/2 Liss,E-Boim,I/Israel 1997/CBM 58 ext (43)}) 11. Ne5 (
11. a3 Nd6 12. Bb3 Nc6 $11 {0-1 Ilijin,N-Bex,P/Biel 1997/CBM 60 ext (60)}) (11.
Re1 Bf5 12. Ne5 Nf6 13. Bb3 c5 14. a3 Nbd5 15. Nc3 Be6 16. Nxd5 Nxd5 17. dxc5
Bxc5 18. Qf3 $14 {0-1 Hjartarson,J-Barua,D/Biel 1993/CBM 37}) (11. Nc3 Nd6 12.
Bb3 Bf6 13. Ne5 Nc6 (13... c5) 14. Bf4 Nf5 15. Nxc6 bxc6 16. d5 $16 {Sokolov,
A-Agzamov, USSR ch 1985}) 11... c6 (11... Nd6 12. Bb3 Nf5 13. Be3 (13. a3 Nd5 (
13... Nc6) 14. Nc3 Be6 15. Re1 c6 16. Bc2 Nc7 $11 {Sindik,R-Zysk,R, Baden
Baden 1985}) 13... Bf6 {1/2-1/2 Margolin,B-Pokrovski,P/Moscow 1995/EXT 97 (13)}
) 12. Nc3 {->[+]} (12. a3 Nd5 {[+]}) 12... Nxc3 (12... Nd6 13. Bb3 {/^a2-g8})
13. bxc3 Nd5 14. Qb3 {[%cal Gb3g8,Ge5f7]} Qc7 (14... Re8 15. Re1 $14) 15. Bxd5
cxd5 {[%csl Rc3,Rd5][%cal Gb3d5,Gc7c3]} 16. Bf4 Bd6 (16... Be6 17. Ng6 $18) 17.
Qxd5 Be6 18. Qf3 Rac8 19. Rac1 (19. Rfc1 Rfd8 $132) 19... Rfd8 (19... Bxa2 20.
Rfe1 (20. Ra1 Bc4 21. Rfe1 $13 (21. Nxc4 Bxf4 22. g3 Qxc4 23. Qxf4 $11))) 20.
a4 (20. Rc2 Bc4 21. Rd1 b6 $16) 20... Ba3 21. Ra1 (21. Rce1 f6 22. Nd3 Qc4 $11)
21... Qxc3 $4 {[%csl Ra3][%cal Gf3a3,Ga1a3]} (21... Bb2 22. Rab1 Qxc3 23. Qxb7
Rxd4 $11 (23... Qxd4 24. Nc6 Qxf4 25. Nxd8 Rxd8 26. Rxb2 $18)) 22. Rxa3 $18 (
22. Qxc3 $4 Rxc3 $15) 22... Qxd4 23. Qg3 Kh8 $4 (23... Rd5 $142) 24. Nxf7+ $1 (
24. Nxf7+ Kg8 (24... Bxf7 25. Be5 {/\#}) 25. Nxd8 $18) 1-0

[Event "Dortmund SuperGM 27th"]
[Site "Dortmund"]
[Date "1999.07.16"]
[Round "6"]
[White "Anand, Viswanathan"]
[Black "Sokolov, Ivan"]
[Result "1/2-1/2"]
[WhiteElo "2771"]
[BlackElo "2656"]
[Annotator "Blatny,P"]
[PlyCount "62"]
[EventDate "1999.07.10"]
[EventType "tourn"]
[EventRounds "7"]
[EventCountry "GER"]
[EventCategory "19"]
[SourceTitle "CBM 072"]
[Source "ChessBase"]
[SourceDate "1999.10.01"]
[SourceVersion "1"]
[SourceVersionDate "1999.10.01"]
[SourceQuality "1"]

1. e4 e5 2. Nf3 Nf6 3. Nxe5 d6 4. Nf3 Nxe4 5. d4 d5 6. Bd3 Nc6 7. O-O Be7 8. c4
Nb4 9. cxd5 Nxd3 10. Qxd3 Qxd5 11. Re1 Bf5 12. g4 Bg6 13. Nc3 Nxc3 14. Qxc3 f6
$1 $146 {[%mdl 4]} 15. Qxc7 (15. Bf4 $5) 15... O-O 16. Rxe7 (16. Nh4 $5 Bd6
$140 17. Nxg6 $1 hxg6 18. Qc3 f5 $44) 16... Qxf3 17. Rxg7+ Kh8 18. Bh6 $8 (18.
Bf4 $4 Be4 $19) 18... Qxg4+ (18... Be4 $4 19. Rxh7+ Bxh7 20. Qg7#) 19. Qg3 Qxd4
20. Rxg6 (20. Rxb7 $2 Rg8 21. Re1 Rac8 22. Ree7 Qd1+ 23. Kg2 Be4+ 24. Rxe4
Rxg3+ 25. hxg3 Qd5 $19) 20... hxg6 21. Qh3 $1 Kg8 $8 22. Bxf8 Rxf8 (22... Qxb2
23. Qe6+ Kxf8 24. Qd6+ $11) 23. Qb3+ Rf7 24. Rd1 Qg4+ 25. Kf1 Kg7 26. h3 Qe4
27. Qd5 $11 Qc2 28. Rd2 Qc1+ 29. Kg2 Re7 30. Qd8 Qc6+ 31. Qd5 Qxd5+ 1/2-1/2

[Event "Hoogovens"]
[Site "Wijk aan Zee"]
[Date "1999.01.26"]
[Round "9"]
[White "Anand, Viswanathan"]
[Black "Kramnik, Vladimir"]
[Result "1/2-1/2"]
[WhiteElo "2784"]
[BlackElo "2751"]
[Annotator "Blatny,P"]
[PlyCount "54"]
[EventDate "1999.01.16"]
[EventType "tourn"]
[EventRounds "13"]
[EventCountry "NED"]
[EventCategory "17"]
[SourceTitle "CBM 069"]
[Source "ChessBase"]
[SourceDate "1999.04.01"]
[SourceVersion "1"]
[SourceVersionDate "1999.04.01"]
[SourceQuality "1"]

1. e4 e5 2. Nf3 Nf6 3. Nxe5 d6 4. Nf3 Nxe4 5. d4 d5 6. Bd3 Nc6 7. O-O Be7 8.
Re1 Bg4 9. c3 f5 10. Qb3 O-O 11. Nbd2 Na5 12. Qa4 Nc6 13. Bb5 Bh4 $5 {Schwarz
provoziert eine Schwächung der weissen Königstellung durch g3 und opfert
gleichzeitig einen Bauer für Initiative.} (13... Nxd2 {--> Anand-Kramnik/
Tilburg/1998/, analysiert in CBM 68.}) 14. g3 ({Natürlich nicht} 14. Nxh4 $2
Qxh4 15. g3 (15. Nxe4 fxe4 {und der schwarze Angriff wird schnell sehr
gefährlich.}) 15... Qf6 {[%csl Rf2,Rf3,Rg2,Rh3][%cal Gf8f2,Gf4g3,Gf5f4] mit
guten Angriffsmöglichkeiten auf der f-Linie. Durch das provozierte g3 sind
jetzt viele wichtige Punkte auf dem weissen Königsflügel stark geschwächt.})
14... Bf6 15. Bxc6 bxc6 16. Qxc6 Re8 17. Ne5 $1 Bxe5 18. dxe5 Ng5 ({Nach} 18...
Rxe5 {kann Weiss mit} 19. f3 $5 {einen Bauern opfern und er bekommt nach
forciertem} Nxd2 20. Bxd2 (20. Rxe5 $4 Nxf3+) 20... Rxe1+ 21. Rxe1 Bxf3 22. Bg5
$5 {die Initiative.Schwarz muss genau antworten mit} ({Interessant ist auch} 
22. Re6 Be4 23. Bg5 Qb8 24. Be3 $1 {aber nach dem richtigen} d4 $1 (24... Qd8
$2 25. Bd4 {und Schwarz ist ganz geklemmt. Weiss droht mit dem einfachen aber
sehr effektiven Plan Te5, De6+, Df7 usw. Nach z.B.} a6 {sieht es so aus:} 26.
Re5 Rb8 27. Qe6+ Kh8 28. Qf7 {[%csl Rg7][%cal Ge5e8,Gd4g7,Gf7g7]} Qf8 29. Qxc7
Rc8 (29... Rxb2 $4 30. Re8 {mit Matt.}) 30. Qe7 Rb8 31. Qxf8+ Rxf8 32. Re7 Rg8
33. Kf2 {mit leichtem technischen Gewinn. Weiss macht sich einfach einen
Freibauer auf dem Damenflügel. Schwarz ist an den g7 auf ewig gefesselt, man
sieht auch die total unterschiedliche Stärke beider Läufer.}) 25. Qc4 $1 Kh8
26. Bxd4 Qxb2 {muss man sich mit Dauerschach nach} 27. Bxg7+ Kxg7 28. Re7+ Kh6
29. Qe6+ Kh5 $8 30. Qf7+ $8 (30. Rxh7+ $4 Kg4 31. Qg6+ (31. Rh4+ Kf3 32. Rf4+
Ke3 $19) 31... Kf3 32. Qh5+ Ke3 33. Qh6+ Ke2 34. Qa6+ Bd3 35. Re7+ Kd2 36. Qh6+
Kc2 $19) 30... Kg4 $8 (30... Kg5 $4 31. Qg7+ Kh5 32. Qxh7+ Kg4 33. Qh4+ Kf3 34.
Qf4+ Ke2 35. Qf2+ $18) 31. Rxe4+ $8 fxe4 32. Qf4+ Kh5 33. Qf5+ ({Das
Damenendspiel nach} 33. Qh4+ Kg6 34. Qxe4+ Kg7 35. Qxa8 Qb1+ 36. Kg2 Qxa2+ {
bringt Weiss nur unnötige Risiken.}) 33... Kh6 34. Qf6+ {begnügen.}) 22... Qb8
$8 (22... Qf8 $2 23. Re7 $40) (22... Qc8 $2 23. Re7 a5 (23... Qf8 24. Qe6+ Kh8
25. Rxg7 $3 $18) 24. Bh6 $3 Ra6 25. Rxg7+ (25. Re8+ $2 Kf7) 25... Kh8 26. Qc5
$1 Rxh6 27. Rxc7 $18) 23. Qe6+ Kh8 24. Re5 $5 (24. Qxf5 Be4 25. Qf2 {mit
weiterem Le3-d4 ist nur minimal besser für Weiss.}) 24... Qb6+ $140 25. Be3
Qxe6 26. Rxe6 {und obwohl Weiss einen Bauern weniger hat, kann er einen
kleinen aber dauernden Endspielvorteil behalten. Auf jeden Fall kann er ohne
Risiko auf Gewinn spielen.}) 19. f4 Nh3+ $1 $146 {Eine starke Neuerung von
Kramnik. Gegen Shirov nur wenige Tage zuvor bei Europa-Cup Finale hat er ohne
Erfolg} (19... Re6 {versucht.} {Nach} 20. Qc5 {ist jetzt} Nh3+ {nicht mehr so
stark, weil Weiss wird mit dem Angriff gegen Te6 (z.B. nach Sb3-d4) ein
wichtiges Tempo gewinnen.} (20... Ne4 {-->Shirov-Kramnik in diesem CBM.}) {
Eine Variante zur Illustration des Unterschieds ist} 21. Kg2 Rb8 22. Nb3 d4 $5
(22... Reb6 23. e6 $18) (22... Rbb6 23. Nd4 $18) 23. Nxd4 (23. c4) 23... Rxb2+
(23... Rbb6 24. c4 Rbd6 $1 (24... Qa8+ 25. Qd5 $18) 25. exd6 $1 Rxe1 26. Be3 $8
Rxe3 (26... Rxa1 $4 27. dxc7 Qc8 28. Qd5+ $18) 27. dxc7 Qc8 28. Qd5+ Kh8 29.
Qd8+ Re8 30. Qxc8 Rxc8 31. Re1 g5 32. Re7 gxf4 33. b4 f3+ 34. Nxf3 f4 35. Ne5
f3+ 36. Kf1 Bf5 37. g4 Rg8 38. Nf7+ Kg7 39. Nd6+ Kf6 40. Rf7+ Ke5 41. Nxf5 Rxg4
42. Ke1 f2+ 43. Ke2 Rxc4 44. Ne3 Rc3 45. Kd2 Rc6 46. b5 $18) 24. Bxb2 Qa8+ 25.
Nc6 $8 Rxc6 26. Qd5+ Kh8 27. Rad1 $1 Bxd1 28. Rxd1 {und Weiss gewinnt.}) 20.
Kg2 Rb8 21. c4 $1 {Weiss hat die gegnerischen Angriffsmöglichkeiten richtig
beurteilt und "zieht die Notbremse" zum Remis.} ({Jetzt wäre} 21. Nb3 {wegen
der bedrohten Stellung des weissen Königs sehr riskant:} Rb6 22. Qc5 d4 $1 {
und wir sehen den grossen Unterschied gegenüber der oben angeführten Variante!
Es droht tödlich Da8, die weisse Antwort ist also erzwungen:} 23. c4 (23. Nxd4
$4 Qa8+ $19) (23. cxd4 $2 Qa8+ 24. d5 Rd8 25. Qc4 Rxd5 {(droht Tb4)} 26. Nd4
Kh8 $19 {und Weiss wird mattgesetzt.}) 23... Kh8 24. Nxd4 (24. Qxd4 $6 Bf3+ $1
({Nicht aber} 24... Qa8+ 25. Qd5 c6 26. Qd6 (26. Qc5 $2 Rb5 $3 27. Qd4 Rd8 $1
$19 (27... c5+ $4 28. Qd5 $18)) 26... Rd8 27. Nc5 $1 {der einzige Weg zum
Blockierung der Diagonale a8-h1} Rxd6 28. exd6 {und alles bleibt noch sehr
unklar.}) 25. Kf1 Qa8 $1 26. Nd2 Rd6 $3 27. Qe3 Rxd2 $3 28. Qxd2 (28. Bxd2 Bg4
$1 $19) 28... Rd8 $1 29. Qc2 Be2+ $3 30. Kxe2 Qg2+ 31. Ke3 Qxc2 {und 32...Td3#}
) 24... Rd6 $3 25. Be3 (25. exd6 Rxe1 26. Be3 cxd6 {und Schwarz gewinnt.})
25... Qa8+ 26. Nc6 Rxc6 27. Qxa7 Rxc4+ 28. Qxa8 Rc2+ 29. Kf1 Rxa8 30. Rac1 (30.
e6 Bf3 31. Rec1 Rxh2 32. Bg1 Rh1 33. Ke1 Rd8 {mit Matt.}) 30... Rxh2 $19 {
und Schwarz gewinnt.}) 21... dxc4 22. Nxc4 (22. Qxc4+ $2 Kh8 {und Weiss hat
grosse Probleme mit der Verteidigung gegen die vielen Drohungen von Schwarz.})
22... Qd3 23. Ne3 ({Ganz schlecht wäre das passive} 23. Nd2 Kh8 $1 24. Qc4 {
, weil Schwarz am einfachsten} Qd8 {spielt, und mit Zugumstellung sind wir bei
der Position nach 22.Dxc4.}) {Schwarz muss jetzt Dauerschach mit} 23... Rxb2+ {
forcieren, anders zB. nach} (23... Kh8 {kommt einfach} 24. Nxg4 fxg4 25. Qe4 {
[%csl Rh3] und Weiss gewinnt. Der Springer h3 ist in dem Endspiel ganz "im
Abseits".}) 24. Bxb2 Qd2+ 25. Kh1 Nf2+ 26. Kg1 ({Nicht aber} 26. Kg2 $4 Nd1+
27. Kg1 Qxe1+ 28. Nf1 Qf2+ 29. Kh1 Qxf1#) 26... Nh3+ 27. Kh1 Nf2+ 1/2-1/2